Catálogo
 En Linea

La verdad sobre la Era de Trujillo : (Registro nro. 21065)

Detalles MARC
000 -CABECERA
campo de control de longitud fija 00750nam a2200205 a 4500
001 - NÚMERO DE CONTROL
campo de control 000021566
005 - FECHA Y HORA DE LA ÚLTIMA TRANSACCIÓN
campo de control 20250501120733.0
008 - DATOS DE LONGITUD FIJA--INFORMACIÓN GENERAL
campo de control de longitud fija 100909s1957 ng 001 0dspa d
040 ## - FUENTE DE LA CATALOGACIÓN
Centro catalogador/agencia de origen DO-SdBNP
Lengua de catalogación spa
Centro/agencia transcriptor BNPHU
082 ## - NÚMERO DE LA CLASIFICACIÓN DECIMAL DEWEY
Número de clasificación 972.93053
Número de documento/Ítem B712v
049 ## - FONDOS LOCALES (OCLC)
Fondos de biblioteca BNPD
100 1# - ENTRADA PRINCIPAL--NOMBRE DE PERSONA
Nombre de persona Bonet, Antonio,
9 (RLIN) 44936
245 13 - MENCIÓN DE TÍTULO
Título La verdad sobre la Era de Trujillo :
Resto del título refutación de "La Era" de Galíndez (segunda parte) /
Mención de responsabilidad, etc. Pbro. Antonio Bonet.
260 ## - PUBLICACIÓN, DISTRIBUCIÓN, ETC.
Lugar de publicación, distribución, etc. Managua, Nicaragua :
Nombre del editor, distribuidor, etc. [s.n.],
Fecha de publicación, distribución, etc. 1957.
300 ## - DESCRIPCIÓN FÍSICA
Extensión 198 p. ;
Dimensiones 23 cm.
504 ## - NOTA DE BIBLIOGRAFÍA, ETC.
Nota de bibliografía, etc. Incluye bibliografía y notas al pie de páginas.
650 10 - PUNTO DE ACCESO ADICIONAL DE MATERIA--TÉRMINO DE MATERIA
Término de materia o nombre geográfico como elemento de entrada Demografía
9 (RLIN) 45443
651 #4 - PUNTO DE ACCESO ADICIONAL DE MATERIA--NOMBRE GEOGRÁFICO
Nombre geográfico República Dominicana
Subdivisión general Política Y Gobierno
Subdivisión cronológica ERA DE TRUJILLO, 1930-1961
9 (RLIN) 1374
910 ## - DATOS DE OPCIÓN DEL USUARIO (OCLC)
Datos de opción del usuario Validado. Control de calidad EMS
Existencias
Estado de retiro Estado de pérdida Restricciones de uso No para préstamo Código de colección Localización permanente Ubicación/localización actual Ubicación en estantería Fecha de adquisición Número de inventario Total de préstamos Signatura topográfica completa Código de barras Fecha visto por última vez Precio válido a partir de Tipo de ítem Koha Nota pública
      Préstamo restrigido Raros y valiosos Patrimonio Dominicano Patrimonio Dominicano En encuadernación 09.09.2010 LF1   972.93053 B712v 21566-10 25.06.2020 25.06.2020 No se presta Perteneció a la biblioteca personal de Aída Cartagena Portalatín.

Con tecnología Koha